Mixed Word: A-Z with 2 Cs Quiz Stats

 Plays Quiz Updated Oct 14, 2016

Score 0/25 Timer 04:00
0 Plays Today
Hint Answer % Correct
CCUHIPHICCUP
85.7%
LICICEICICLE
84.8%
CLICBYEBICYCLE
83.9%
PINCCIPICNIC
71.7%
NICHCUZIZUCCHINI
71.6%
CAUCYYUCCA
65.1%
ATTICCTACTIC
64.7%
WCFITCHARTWITCHCRAFT
61.1%
ACCNAVYVACANCY
57.8%
BCCAIKKKKICKBACK
50%
CLACNEKENECKLACE
41.7%
FEPICSICSPECIFIC
41.4%
CPUTANOCOCCUPANT
38.7%
Hint Answer % Correct
WRACKSCEJJACKSCREW
37.3%
CAKERCRIFERFIRECRACKER
35.6%
CIRILECOLICORICE
35.6%
COINSCAMMOCCASIN
30.3%
DUCIPECONUUNOCCUPIED
28.8%
HIRECCOTRICOCHET
28.7%
CARLCIYACRYLIC
27.4%
CACHOCORKCOCKROACH
25.9%
SCIENCEQUEQUIESCENCE
21.8%
MAKECOGCGAMECOCK
21.3%
ICEDCLAYDELICACY
9.7%
ONECLAMOICECONOMICAL
7.8%

You're not logged in!

Compare scores with friends on all Sporcle quizzes.
OR
Log In

Show Comments

Extras

Top Quizzes Today


Score Distribution

Your Account Isn't Verified!

In order to create a playlist on Sporcle, you need to verify the email address you used during registration. Go to your Sporcle Settings to finish the process.

Report this User

Report this user for behavior that violates our Community Guidelines.

Details: